000 00459nam a2200145Ia 4500
008 100204s9999 xx 000 0 und d
082 _b17721
100 _aजोशी अ. स.
245 _aपालखी सोहळा
260 _b"इंद्र्रायणी साहित्य , पुणे"
_c1994
300 _a100
630 _aपालखी सोहळा
730 _aपालखी सोहळा
942 _cBOOK
999 _c462144
_d462141